|
|
|
|
| LEADER |
01208nam a2200289 a 4500 |
| 001 |
3953140 |
| 008 |
100731s1992 ilua 001 0 eng d |
| 010 |
|
|
|a 93212110
|
| 020 |
|
|
|a 0028002326
|
| 020 |
|
|
|a 0028001230
|
| 040 |
|
|
|a NcFayS
|c NcFayS
|d DLC
|d DB-DhAAL
|
| 082 |
0 |
0 |
|a 657
|2 20
|
| 245 |
1 |
0 |
|a Glencoe accounting :
|b concepts, procedures, applications : First Year course /
|c Donald J. Guerrieri ... [et al.].
|
| 250 |
|
|
|a 2nd ed.
|
| 260 |
|
|
|a Lake Forest, Ill. :
|b Glencoe, Macmillan/McGraw-Hill,
|c c1992.
|
| 300 |
|
|
|a xi, 690 p. :
|b col. ill. ;
|c 27 cm.
|
| 500 |
|
|
|a Rev. ed. of: Houghton Mifflin accounting. c1985.
|
| 504 |
|
|
|a Includes index.
|
| 541 |
1 |
|
|e 00011640
|
| 650 |
|
0 |
|a Accounting.
|
| 700 |
1 |
|
|a Guerrieri, Donald J.
|
| 730 |
0 |
|
|a Houghton Mifflin accounting.
|
| 740 |
0 |
|
|a Accounting.
|
| 852 |
4 |
|
|a Ayesha Abed Library
|j General Shelf.
|
| 999 |
|
|
|c 9286
|d 9286
|
| 952 |
|
|
|0 0
|1 0
|2 ddc
|4 0
|6 657_GLE_199200000000000
|7 0
|9 17953
|a BRACUL
|b BRACUL
|c GEN
|d 2011-09-06
|l 1
|m 7
|o 657 GLE
|p 3010011640
|r 2025-05-20
|s 2025-04-27
|t 1
|w 2011-09-06
|y BK
|
| 952 |
|
|
|0 0
|1 0
|2 ddc
|4 0
|6 657_GLE_199200000000000
|7 0
|9 17954
|a BRACUL
|b BRACUL
|c GEN
|d 2011-09-06
|l 3
|m 23
|o 657 GLE
|p 3010011643
|r 2015-05-26
|s 2015-03-13
|t 2
|w 2011-09-06
|y BK
|